000 00735nam a22002297a 4500
003 0
005 20250829164054.0
008 250829b xxu||||| |||| 00| 0 eng d
020 _a978-1-98469-481-2
050 _aHN 49.C6
_b.W66 2025
100 _aWood, Hazel,
_eauthor.
245 _aCommunity governance and mobilization strategies /
_cHazel Wood.
260 _aNew York, NY :
_b3G E-Learning LLC,
_c2025.
300 _axviii, 275 pages :
_bcolored illustrations ;
_c26 cm.
504 _aIncludes bibliographical references and index.
650 _aCommunity organization.
650 _aCommunity development.
650 _aCommunity power.
650 _aSocial participation.
650 _aSocial action.
942 _2lcc
_cBK
999 _c367701
_d367701